Komparácia moderných riešení tvorby a prevádzkovania dátových skladov diplomová práca

Na minha lista:
Detalhes bibliográficos
Autor principal: Laluch, Mário
Autor Corporativo: Fakulta hospodárskej informatiky EU. Katedra aplikovanej informatiky
Outros Autores: Škurla, Peter
Formato: Livro
Idioma:eslovaco
Publicado em: Bratislava 2011
Tags: Adicionar Tag
Sem tags, seja o primeiro a adicionar uma tag!

MARC

LEADER 00000nbm a2200000 4500
001 0140918
005 20161109101959.6
041 0 |a slo 
044 |a SK 
245 1 0 |a Komparácia moderných riešení tvorby a prevádzkovania dátových skladov  |b diplomová práca  |c Mário Laluch ; školiteľ: Peter Škurla 
264 1 |a Bratislava  |c 2011 
300 |a 75 s. 
100 1 |a Laluch, Mário 
700 1 |a Škurla, Peter 
710 2 |a Fakulta hospodárskej informatiky EU. Katedra aplikovanej informatiky